| 000 | 00559nam a22002053 4500 | ||
|---|---|---|---|
| 001 | 24398 | ||
| 003 | BD-RjUL | ||
| 005 | 20211209001039.0 | ||
| 008 | 140313s1939 enk 000 0 eng d | ||
| 035 | _a(BD-RjUL)24464 | ||
| 040 |
_aEQO _cEQO _beng _dBD-RjUL |
||
| 041 | _aeng | ||
| 082 |
_a942 _bSHL |
||
| 100 | 1 |
_aShort, Ernest Henry. _975120 |
|
| 245 | 1 | 0 |
_aLiving with history / _cErnest Henry, Short |
| 260 |
_aLondon : _blongmans, _c1939. |
||
| 300 |
_a155 p. ; _c18cm. |
||
| 650 |
_a Mexico -- History -- Conquest, 1519-1540. _975121 |
||
| 942 |
_2ddc _cBK |
||
| 999 |
_c24398 _d24398 |
||